00343nam a2200109Ia 4500008004100000082000800041100002200049245004200071942000600113952009900119999001500218240331s9999 xx 000 0 und d bSAH aSahabdeen, M.A.M. 4aThe Sufi doctrine in Tamil literature cL 001040708LaWERCLbWERCLcSSCd2024-03-31l0o 894.811 SAHp5798r2024-03-31w2024-03-31yL c3384d3384